[Event "CAN-ch U16"]
[Site "Ottawa"]
[Date "2007.07.05"]
[Round "6"]
[White "Liu, Robert"]
[Black "MacMillan, Michael"]
[Result "0-1"]
[WhiteElo "1526"]
[BlackElo "1863"]
[PlyCount "72"]
[EventDate "2007.07.03"]
[EventType "swiss"]
[EventRounds "7"]
[EventCountry "CAN"]
[SourceTitle "EXT 2022"]
[Source "ChessBase"]
[SourceDate "2021.10.06"]
[SourceVersion "1"]
[SourceVersionDate "2021.10.06"]
[SourceQuality "1"]

1. e4 e5 2. Nf3 Nc6 3. Bc4 Nf6 4. Ng5 d5 5. exd5 Na5 6. Bb5+ Bd7 7. Qe2 Bd6 8. d4 0-0 9. Bd3 h6 10. Nf3 exd4 11. 0-0 Bg4 12. Bd2 c5 13. dxc6 Nxc6 14. Qd1 Qc7 15. Be2 Bxf3 16. Bxf3 Bxh2+ 17. Kh1 Bd6 18. g3 Ne5 19. Bf4 Nxf3 20. Bxd6 Qxd6 21. Qxf3 Qc6 22. Qxc6 bxc6 23. Nd2 Rad8 24. Nb3 Rd5 25. Rfd1 c5 26. c4 Rf5 27. Kg2 Re8 28. Re1 Rfe5 29. Kf1 Ng4 30. Rxe5 Rxe5 31. Kg2 Kf8 32. Kf3 h5 33. Kg2 Ke7 34. Nd2 Re2 35. Nf1 Rxf2+ 36. Kh3 d3 0-1

[Event "CAN-ch U16"]
[Site "Ottawa"]
[Date "2007.07.05"]
[Round "5"]
[White "Raymer, Evan"]
[Black "Liu, Robert"]
[Result "1-0"]
[WhiteElo "1935"]
[BlackElo "1526"]
[PlyCount "39"]
[EventDate "2007.07.03"]
[EventType "swiss"]
[EventRounds "7"]
[EventCountry "CAN"]
[SourceTitle "EXT 2022"]
[Source "ChessBase"]
[SourceDate "2021.10.06"]
[SourceVersion "1"]
[SourceVersionDate "2021.10.06"]
[SourceQuality "1"]

1. e4 d5 2. exd5 Nf6 3. c4 c6 4. d4 cxd5 5. Nc3 Nc6 6. Nf3 Bg4 7. cxd5 Nxd5 8. Qb3 Bxf3 9. gxf3 Nxc3 10. bxc3 Qd7 11. Rb1 Rb8 12. Bf4 e5 13. Bxe5 Nxe5 14. dxe5 Qc7 15. Bb5+ Kd8 16. 0-0 Bc5 17. Rfd1+ Kc8 18. Bd7+ Kd8 19. Qxf7 Qxe5 20. Be6+ 1-0

[Event "CAN-ch U16"]
[Site "Ottawa"]
[Date "2007.07.03"]
[Round "1"]
[White "Liu, Robert"]
[Black "Ang, Alan"]
[Result "0-1"]
[WhiteElo "1526"]
[BlackElo "2050"]
[PlyCount "62"]
[EventDate "2007.07.03"]
[EventType "swiss"]
[EventRounds "7"]
[EventCountry "CAN"]
[SourceTitle "EXT 2022"]
[Source "ChessBase"]
[SourceDate "2021.10.06"]
[SourceVersion "1"]
[SourceVersionDate "2021.10.06"]
[SourceQuality "1"]

1. e4 e6 2. d4 d5 3. Nc3 Bb4 4. e5 c5 5. a3 Bxc3+ 6. bxc3 Ne7 7. Qg4 Qc7 8. Qxg7 Rg8 9. Qxh7 cxd4 10. Ne2 Nbc6 11. f4 Bd7 12. Qd3 dxc3 13. Nxc3 0-0-0 14. Nb5 Nxe5 15. Nxc7 Nxd3+ 16. Bxd3 Kxc7 17. Kf2 Bc6 18. g3 d4 19. Re1 Rh8 20. h4 Nd5 21. Bd2 Rhg8 22. Re5 Nf6 23. Ree1 Ng4+ 24. Kg1 Rg7 25. Be4 Nf6 26. Bxc6 Kxc6 27. Kf2 Nh5 28. Rg1 Rdg8 29. Rg2 Nxg3 30. Rag1 Ne4+ 31. Kf3 Nxd2+ 0-1